书目信息 |
| 题名: |
电子政务理论与实务
|
|
| 作者: | 王琰 | |
| 分册: | ||
| 出版信息: | 北京 清华大学出版社 2004 |
|
| 页数: | 305 | |
| 开本: | 26cm | |
| 丛书名: | ||
| 单 册: | ||
| 中图分类: | D035.1 | |
| 科图分类: | ||
| 主题词: | 国家理论 | |
| 电子资源: | ||
| ISBN: | 7-302-09391-1 | |
| 000 | 00501nam0 2200181 450 | |
| 001 | 0760515518 | |
| 005 | 20070817164835.51 | |
| 010 | @a7-302-09391-1@d¥28.00 | |
| 100 | @a20070817d km y0chiy0120 ea | |
| 101 | 0 | @achi |
| 200 | 1 | @a电子政务理论与实务@Adian zi zheng wu li lun yu shi wu@f王琰@Fwang yan |
| 210 | @a北京@c清华大学出版社@d2004 | |
| 215 | @a305@d26cm | |
| 606 | 0 | @a国家理论 |
| 690 | @aD035.1@v3 | |
| 701 | 0 | @a王琰@Awang yan |
| 801 | 0 | @aCN@bPFT@c20070817 |
| 905 | @a213230@dD035.1@eg17@f1 | |
| 电子政务理论与实务/王琰.-北京:清华大学出版社,2004 |
| 305;26cm |
| ISBN 7-302-09391-1:¥28.00 |
| ● |
| 相关链接 |
|
|
|
|
正题名:电子政务理论与实务
索取号:D035.1/g17
 
预约/预借
| 序号 | 登录号 | 条形码 | 馆藏地/架位号 | 状态 | 备注 |
| 1 | 6500375 | 265003756 | 密集书库-海洋学院/ [索取号:D035.1/g17] | 在馆 | |
| 2 | 6500376 | 265003765 | 密集书库-海洋学院/ [索取号:D035.1/g17] | 在馆 |